|
|
|
|
| LEADER |
00761nas a2200241 u 4500 |
| 001 |
10028360 |
| 003 |
upatras |
| 005 |
20210117195645.0 |
| 008 |
831201s1951 ne q p mul |
| 022 |
|
|
|a 0040-0262
|
| 040 |
|
|
|a GR-PaULI
|c GR-PaULI
|
| 041 |
0 |
|
|a mul
|
| 082 |
0 |
4 |
|a 582
|
| 222 |
|
0 |
|a Taxon
|b [Περιοδικό]
|
| 245 |
1 |
0 |
|a Taxon
|h [Περιοδικό]
|
| 260 |
|
|
|a Utrecht
|b International bureau for plant taxonomy
|
| 310 |
|
|
|a Τριμηνιαίο
|
| 362 |
0 |
|
|a 16(1967) - 46(1997)
|
| 852 |
|
|
|a GR-PaULI
|b ΠΑΤΡΑ
|b ΒΚΠ
|b B
|k ΠΕΡ
|m 186
|t 1
|3 16(1967)-46(1997)
|
| 866 |
|
|
|a 16(1967)-46(1997)
|
| 942 |
|
|
|2 ddc
|s 1
|c JNL
|
| 952 |
|
|
|0 0
|1 0
|4 0
|7 0
|9 21904
|a LISP
|b LISP
|c SER
|d 2016-04-24
|i 186
|l 0
|r 2016-04-24 00:00:00
|t 1
|w 2016-04-24
|y JNL
|
| 999 |
|
|
|c 13254
|d 13254
|